000 00582nam a22002057a 4500
999 _c12961
_d12961
003 MIRAKIL
005 20211214000610.0
008 190315b tu ||||| |||| 00| 0 tur d
020 _a9789755338194
040 _aTR-AnCHP
_cTR-AnCHP
041 _atur
082 _a320.9561
_bB66t 2015
100 _aBoratav, Korkut
245 1 0 _aTürkiye'nin faşizmleri ve AKP /
_cKorkut Boratav.
260 _aAnkara :
_bİmge Kitabevi,
_c2015.
300 _a351 s.:
_c21 sm.
650 0 _aSiyaset ve yönetim
_xTürkiye
_99
650 4 _91009
_aAKP iktidarı
_xEleştiriler
942 _2ddc
_cBKS